| 000 | 00498nam a2200181Ia 4500 | ||
|---|---|---|---|
| 001 | 365667 | ||
| 003 | EcQuBN | ||
| 008 | 130917s9999 xx 000 0 und d | ||
| 041 | 1 | _aspa | |
| 082 | 0 |
_a342.4 _bB734 |
|
| 100 | 1 | _aBorja Cevallos, Rodrigo | |
| 245 | 1 | 0 |
_aDerecho polĂtico y constitucional _cRodrigo Borja |
| 260 |
_aQuito, Ecuador : _bCasa de la Cultura Ecuatoriana _c1971 |
||
| 300 | _a318 p. | ||
| 651 | 4 |
_aEcuador _xDerecho constitucional |
|
| 912 |
_a8732 _b1983-04-26 |
||
| 942 |
_2ddc _cMON |
||
| 999 |
_c5804 _d5804 |
||